00524nam a2200157 a 450000100100000000500170001000800410002702000180006804000250008610000210011124500480013226000450018030000290022550000700025450000420032400003787120201002031129.0130307s2013 dr a 000 0 spa d a9789945007299 aDO-SdBNPbspacBNPHU1 aMontero, Narciso10a... antes de enamorarte /cNarciso Montero. aSanto Domingo :bCentenario, SRL,c2013. a138 P. :bils. ;c22 cm. aIncluye datos biográficos del autor en la solapa de la cubierta aIncluye notas al pie de las páginas